[Event "Novokuznetsk op"]
[Site "Novokuznetsk"]
[Date "2013.08.15"]
[Round "5"]
[White "Silin, Sergei"]
[Black "Zaitsev, Vadim"]
[Result "0-1"]
[WhiteElo "1900"]
[BlackElo "2320"]
[PlyCount "94"]
[EventDate "2013.08.11"]
[EventType "swiss"]
[EventRounds "9"]
[EventCountry "RUS"]
[SourceTitle "CBM 156 Extra"]
[Source "ChessBase"]
[SourceDate "2013.10.22"]
[SourceVersion "1"]
[SourceVersionDate "2013.10.22"]
[SourceQuality "1"]

1. d4 Nf6 2. c4 g6 3. Nc3 Bg7 4. e4 0-0 5. f3 d6 6. Be3 a6 7. Qd2 c6 8. Bd3 Nbd7 9. Nge2 b5 10. Ng3 e5 11. d5 bxc4 12. Bxc4 Nb6 13. Bb3 cxd5 14. Nxd5 Nfxd5 15. Bxd5 Nxd5 16. Qxd5 Be6 17. Qd2 d5 18. exd5 Qxd5 19. 0-0 Rfd8 20. Rfd1 Qxd2 21. Rxd2 Rxd2 22. Bxd2 e4 23. Nxe4 Bxb2 24. Rb1 Bd4+ 25. Kf1 Bc4+ 26. Ke1 Bxa2 27. Rb4 Bg7 28. Ra4 Bb3 29. Ra3 Bd5 30. Bc3 Bxe4 31. fxe4 Bxc3+ 32. Rxc3 Re8 33. Re3 f5 34. e5 Kf7 35. Kf2 a5 36. h4 h6 37. Kf3 g5 38. hxg5 hxg5 39. g4 Ke6 40. Re1 a4 41. Rb1 Ra8 42. Rb6+ Kxe5 43. Rb5+ Kd6 44. gxf5 a3 45. Rb1 a2 46. Ra1 Ke5 47. Kg4 Kf6 0-1

[Event "Novokuznetsk op"]
[Site "Novokuznetsk"]
[Date "2013.08.13"]
[Round "3"]
[White "Alimov, Alexander"]
[Black "Zaitsev, Vadim"]
[Result "0-1"]
[WhiteElo "1964"]
[BlackElo "2320"]
[PlyCount "54"]
[EventDate "2013.08.11"]
[EventType "swiss"]
[EventRounds "9"]
[EventCountry "RUS"]
[SourceTitle "CBM 156 Extra"]
[Source "ChessBase"]
[SourceDate "2013.10.22"]
[SourceVersion "1"]
[SourceVersionDate "2013.10.22"]
[SourceQuality "1"]

1. d4 Nf6 2. c4 g6 3. Nc3 Bg7 4. e4 0-0 5. f3 d6 6. Be3 Nc6 7. Qd2 a6 8. Nge2 Rb8 9. Nc1 e5 10. Nb3 exd4 11. Nxd4 Ne5 12. Be2 c5 13. Nc2 Be6 14. b3 b5 15. cxb5 axb5 16. Bxb5 d5 17. exd5 Nxd5 18. Nxd5 Rxb5 19. Rd1 c4 20. Nf4 Qxd2+ 21. Bxd2 cxb3 22. axb3 Bxb3 23. Rb1 Nc4 24. Na1 Re8+ 25. Ne2 Nxd2 26. Kxd2 Rd5+ 27. Ke1 Bc4 0-1

[Event "Novokuznetsk Spring op"]
[Site "Novokuznetsk"]
[Date "2013.04.28"]
[Round "9"]
[White "Zaitsev, Vadim"]
[Black "Vorobyova, Alyona"]
[Result "1/2-1/2"]
[WhiteElo "2330"]
[BlackElo "2001"]
[PlyCount "50"]
[EventDate "2013.03.31"]
[EventType "swiss"]
[EventRounds "9"]
[EventCountry "RUS"]
[SourceTitle "EXT 2015"]
[Source "ChessBase"]
[SourceDate "2014.11.20"]
[SourceVersion "1"]
[SourceVersionDate "2014.11.20"]
[SourceQuality "1"]

1. e4 c5 2. Nf3 a6 3. c3 d5 4. exd5 Qxd5 5. d4 Nf6 6. Be2 e6 7. 0-0 Be7 8. c4 Qd6 9. dxc5 Qxd1 10. Rxd1 Bxc5 11. Nc3 Nc6 12. Bg5 0-0 13. a3 Nd7 14. b4 Bb6 15. c5 Bc7 16. Ne4 f6 17. Be3 Nde5 18. Nd6 Rd8 19. Nxe5 Nxe5 20. f4 Nc6 21. Nxc8 Raxc8 22. Bc4 Re8 23. f5 Nd8 24. Rd7 Kh8 25. fxe6 Nxe6 1/2-1/2

[Event "Novokuznetsk Spring op"]
[Site "Novokuznetsk"]
[Date "2013.04.20"]
[Round "6"]
[White "Spirin, Alexandr"]
[Black "Zaitsev, Vadim"]
[Result "0-1"]
[WhiteElo "1950"]
[BlackElo "2330"]
[PlyCount "86"]
[EventDate "2013.03.31"]
[EventType "swiss"]
[EventRounds "9"]
[EventCountry "RUS"]
[SourceTitle "EXT 2015"]
[Source "ChessBase"]
[SourceDate "2014.11.20"]
[SourceVersion "1"]
[SourceVersionDate "2014.11.20"]
[SourceQuality "1"]

1. Nf3 g6 2. d4 Bg7 3. c4 Nf6 4. Nc3 0-0 5. e4 d6 6. Be2 e5 7. d5 Nh5 8. Bg5 Qe8 9. 0-0 Na6 10. Qd2 f5 11. Bh6 Nf4 12. Bxf4 exf4 13. exf5 Bxf5 14. Nd4 Bd7 15. Bf3 Qe5 16. Rad1 Qxd4 17. Qxd4 Bxd4 18. Rxd4 Rae8 19. Be4 Nc5 20. f3 a5 21. Kf2 Re7 22. b3 Kg7 23. Rfd1 Bf5 24. h3 Bxe4 25. Nxe4 Nxe4+ 26. Rxe4 Rxe4 27. fxe4 Kf6 28. Kf3 Ke5 29. a4 h5 30. Rd2 g5 31. Rd1 g4+ 32. Kf2 gxh3 33. Rh1 hxg2 34. Rxh5+ Kxe4 35. Kxg2 Rg8+ 36. Kf2 Rg3 37. Rh7 Rf3+ 38. Ke2 Rxb3 39. Rxc7 Rb2+ 40. Ke1 f3 41. Rf7 Ke3 42. Kd1 f2 43. Kc1 Re2 0-1

[Event "Kemerovo Kuzbass Cup"]
[Site "Kemerovo"]
[Date "2012.09.04"]
[Round "7"]
[White "Nevostrujev, Vladimir"]
[Black "Zaitsev, Vadim"]
[Result "1-0"]
[WhiteElo "2461"]
[BlackElo "2352"]
[PlyCount "89"]
[EventDate "2012.08.29"]
[EventType "swiss"]
[EventRounds "7"]
[EventCountry "RUS"]
[SourceTitle "CBM 150 Extra"]
[Source "ChessBase"]
[SourceDate "2012.10.19"]
[SourceVersion "1"]
[SourceVersionDate "2012.10.19"]
[SourceQuality "1"]

1. e4 c5 2. Nf3 d6 3. d4 cxd4 4. Nxd4 Nf6 5. Nc3 g6 6. Be3 Bg7 7. f3 0-0 8. Qd2 Nc6 9. 0-0-0 d5 10. exd5 Nxd5 11. Nxc6 bxc6 12. Bd4 e5 13. Bc5 Re8 14. Nxd5 cxd5 15. Qxd5 Qxd5 16. Rxd5 Be6 17. Rd3 Rec8 18. Be3 Bxa2 19. Ra3 Be6 20. Ba6 Rc7 21. Rd1 Rb8 22. Ra5 h5 23. Rb5 Rxb5 24. Bxb5 e4 25. Rd8+ Kh7 26. fxe4 Rb7 27. Bc6 Bxb2+ 28. Kd2 Rc7 29. Bd5 Bc3+ 30. Kd3 Be5 31. c4 Kg7 32. c5 Bd7 33. Kc4 a6 34. g3 Kf6 35. Kb4 Ke7 36. Ra8 h4 37. gxh4 Bxh2 38. Rxa6 Be5 39. c6 Bc8 40. Ra8 Be6 41. Bc5+ Bd6 42. e5 Bxc5+ 43. Kxc5 Bd7 44. Kb6 Rc8 45. Ra7 1-0

[Event "Novokuznetsk op"]
[Site "Novokuznetsk"]
[Date "2011.08.13"]
[Round "3"]
[White "Belozerov, Andrei"]
[Black "Zaitsev, Vadim"]
[Result "1-0"]
[WhiteElo "2501"]
[BlackElo "2356"]
[PlyCount "51"]
[EventDate "2011.08.11"]
[EventType "swiss"]
[EventRounds "9"]
[EventCountry "RUS"]
[SourceTitle "CBM 144 Extra"]
[Source "ChessBase"]
[SourceDate "2011.10.28"]
[SourceVersion "1"]
[SourceVersionDate "2011.10.28"]
[SourceQuality "1"]

1. e4 c5 2. c3 d5 3. exd5 Qxd5 4. d4 Nc6 5. Nf3 e5 6. Nxe5 Nxe5 7. dxe5 Qxe5+ 8. Be3 Bd7 9. Na3 Nf6 10. Qf3 Be7 11. 0-0-0 0-0 12. Bf4 Qe6 13. Bc4 Qb6 14. Qg3 Bf5 15. Rhe1 Rfe8 16. Bc7 Nh5 17. Bxb6 Nxg3 18. hxg3 axb6 19. Nb5 h5 20. Nc7 Bg5+ 21. f4 Rxe1 22. Rxe1 Rc8 23. Nb5 Bf6 24. Nd6 Be6 25. Bxe6 Rc6 26. Bxf7+ 1-0

[Event "Novokuznetsk op"]
[Site "Novokuznetsk"]
[Date "2011.08.11"]
[Round "1"]
[White "Karpov, Arkadiy"]
[Black "Zaitsev, Vadim"]
[Result "0-1"]
[WhiteElo "2012"]
[BlackElo "2356"]
[PlyCount "76"]
[EventDate "2011.08.11"]
[EventType "swiss"]
[EventRounds "9"]
[EventCountry "RUS"]
[SourceTitle "CBM 144 Extra"]
[Source "ChessBase"]
[SourceDate "2011.10.28"]
[SourceVersion "1"]
[SourceVersionDate "2011.10.28"]
[SourceQuality "1"]

1. d4 c5 2. e3 g6 3. Nf3 Bg7 4. Bd3 Nc6 5. c3 cxd4 6. exd4 Nf6 7. 0-0 0-0 8. Nbd2 d5 9. h3 a6 10. Re1 b5 11. Nb3 Nd7 12. Bf4 b4 13. cxb4 Nxb4 14. Bf1 Bb7 15. a3 Nc6 16. Qd3 Qb6 17. Rab1 Rfe8 18. Ne5 Ncxe5 19. dxe5 e6 20. Be3 Qd8 21. Bd4 Bc6 22. Qe3 Qb8 23. Nc5 Nxc5 24. Bxc5 Qb7 25. b4 Bb5 26. Rec1 Rec8 27. Ra1 Bxf1 28. Kxf1 Rc6 29. Rc3 Rac8 30. Rac1 Qb5+ 31. Kg1 Qa4 32. Qd4 Bf8 33. Qe3 Bxc5 34. Rxc5 Rxc5 35. Rxc5 Rxc5 36. bxc5 Qc4 37. Kh2 d4 38. Qg5 Qxc5 0-1

[Event "Kemerovo op"]
[Site "Kemerovo"]
[Date "2011.07.27"]
[Round "5"]
[White "Zaitsev, Vadim"]
[Black "Ponomarev, Dmitry"]
[Result "1/2-1/2"]
[WhiteElo "2356"]
[BlackElo "2401"]
[PlyCount "101"]
[EventDate "2011.07.25"]
[EventType "swiss"]
[EventRounds "9"]
[EventCountry "RUS"]
[SourceTitle "EXT 2012"]
[Source "ChessBase"]
[SourceDate "2011.11.24"]
[SourceVersion "1"]
[SourceVersionDate "2011.11.24"]
[SourceQuality "1"]

1. e4 c6 2. Nc3 d5 3. Nf3 Bg4 4. h3 Bxf3 5. Qxf3 e6 6. a3 Nd7 7. d3 Bd6 8. g3 Ne7 9. Bg2 0-0 10. 0-0 d4 11. Nd1 e5 12. Qe2 Bc7 13. f4 exf4 14. gxf4 f5 15. c3 dxc3 16. Nxc3 Nc5 17. Be3 Ne6 18. e5 Bb6 19. d4 Nc7 20. Rad1 Qd7 21. Kh1 Qe6 22. d5 Ncxd5 23. Nxd5 Nxd5 24. Bxd5 cxd5 25. Bxb6 axb6 26. Rd4 Rfd8 27. Qg2 Rac8 28. Rfd1 Rc5 29. b4 Rc3 30. Rxd5 Rxd5 31. Qxd5 Qxd5+ 32. Rxd5 Rxh3+ 33. Kg2 Rxa3 34. Rd7 Re3 35. Rxb7 Re4 36. Rb8+ Kf7 37. Rb7+ Kf8 38. Rb8+ Kf7 39. Rb7+ Kg6 40. Rxb6+ Kh5 41. Kf3 g5 42. fxg5 Kxg5 43. e6 h5 44. b5 Re5 45. Rb8 Rxe6 46. Rg8+ Kf6 47. Rh8 Re5 48. b6 Rb5 49. Rxh5 Kg6 50. Rh8 Rxb6 51. Kf4 1/2-1/2

[Event "Novokuznetsk Goryainov op"]
[Site "Novokuznetsk"]
[Date "2010.08.19"]
[Round "8"]
[White "Glukhov, Mikhail"]
[Black "Zaitsev, Vadim"]
[Result "0-1"]
[WhiteElo "2207"]
[BlackElo "2367"]
[PlyCount "118"]
[EventDate "2010.08.12"]
[EventType "swiss"]
[EventRounds "9"]
[EventCountry "RUS"]
[SourceTitle "CBM 138 Extra"]
[Source "ChessBase"]
[SourceDate "2010.10.29"]
[SourceVersion "1"]
[SourceVersionDate "2010.10.29"]
[SourceQuality "1"]

1. d4 Nf6 2. c4 g6 3. Nc3 Bg7 4. e4 0-0 5. Nf3 d6 6. Be2 e5 7. 0-0 Nc6 8. d5 Ne7 9. Ne1 Nd7 10. Rb1 f5 11. exf5 gxf5 12. f4 Ng6 13. Nd3 e4 14. Ne1 Nf6 15. Be3 Qe7 16. Nb5 a6 17. Nd4 Bd7 18. Qb3 c5 19. dxc6 bxc6 20. c5+ Kh8 21. Qa3 dxc5 22. Ndc2 Rg8 23. Bxc5 Qf7 24. Rd1 Nd5 25. Bh5 Bf6 26. Bd4 Qg7 27. Bxg6 Qxg6 28. Qc5 Rg7 29. Bxf6 Qxf6 30. Qd4 Qxd4+ 31. Rxd4 Be6 32. Rd2 c5 33. g3 Rd7 34. Na3 Rad8 35. Nec2 Nb4 36. Rxd7 Rxd7 37. Nxb4 cxb4 38. Nc2 a5 39. b3 Kg7 40. Rf2 Kf6 41. Re2 Rd3 42. Kf2 Rc3 43. Ke1 h5 44. Kd2 Rd3+ 45. Ke1 Bc8 46. Re3 Rd8 47. a3 Ba6 48. axb4 Bd3 49. Kd2 Bxc2+ 50. Kxc2 axb4 51. h4 Ke6 52. Re1 Rd3 53. Ra1 Rc3+ 54. Kd2 Rxb3 55. Ra6+ Kd5 56. Ra5+ Kd4 57. Rxf5 Rxg3 58. Rxh5 Rg2+ 59. Ke1 b3 0-1

[Event "Novokuznetsk Goryainov op"]
[Site "Novokuznetsk"]
[Date "2010.08.15"]
[Round "4"]
[White "Zaitsev, Vadim"]
[Black "Khanin, Semen"]
[Result "1/2-1/2"]
[WhiteElo "2367"]
[BlackElo "1966"]
[PlyCount "53"]
[EventDate "2010.08.12"]
[EventType "swiss"]
[EventRounds "9"]
[EventCountry "RUS"]
[SourceTitle "CBM 138 Extra"]
[Source "ChessBase"]
[SourceDate "2010.10.29"]
[SourceVersion "1"]
[SourceVersionDate "2010.10.29"]
[SourceQuality "1"]

1. e4 c5 2. Nf3 Nc6 3. Nc3 e6 4. d4 cxd4 5. Nxd4 Qc7 6. Be3 a6 7. g3 Nf6 8. Bg2 Be7 9. 0-0 0-0 10. f4 d6 11. h3 Rd8 12. Qe2 Bd7 13. g4 Nxd4 14. Bxd4 e5 15. Be3 exf4 16. Rxf4 Be6 17. Nd5 Bxd5 18. exd5 Rac8 19. c3 Nd7 20. Raf1 Bg5 21. Rxf7 Re8 22. Bd4 Rxe2 23. Rxg7+ Kh8 24. Rff7 Re7 25. Rxh7+ Kg8 26. Rhg7+ Kh8 27. Rh7+ 1/2-1/2

[Event "Novokuznetsk op"]
[Site "Novokuznetsk"]
[Date "2008.08.19"]
[Round "8"]
[White "Storchak, Vitalij"]
[Black "Zaitsev, Vadim"]
[Result "1/2-1/2"]
[WhiteElo "2171"]
[BlackElo "2396"]
[PlyCount "128"]
[EventDate "2008.08.12"]
[EventType "swiss"]
[EventRounds "9"]
[EventCountry "RUS"]
[SourceTitle "EXT 2022"]
[Source "ChessBase"]
[SourceDate "2021.10.06"]
[SourceVersion "1"]
[SourceVersionDate "2021.10.06"]
[SourceQuality "1"]

1. Nc3 d5 2. d4 Bf5 3. Bf4 e6 4. e3 Nf6 5. Bd3 Bxd3 6. cxd3 c6 7. Rb1 Be7 8. Nge2 0-0 9. h3 Nbd7 10. 0-0 b5 11. Rc1 Qb6 12. Nb1 a6 13. Nd2 Rac8 14. Nb3 c5 15. dxc5 Nxc5 16. Nxc5 Rxc5 17. Rxc5 Qxc5 18. Qd2 Qb6 19. Rc1 b4 20. Qc2 d4 21. Nxd4 Nd5 22. Be5 Bg5 23. Qc5 Qb7 24. Nf3 Be7 25. Qc6 Qxc6 26. Rxc6 Rd8 27. Nd4 b3 28. Nxb3 Nb4 29. Rc7 Nxd3 30. Rxe7 Nxe5 31. Nd4 g6 32. b4 Rc8 33. Ra7 Nd3 34. a3 Rc1+ 35. Kh2 Nxf2 36. Rxa6 h5 37. Kg3 Ne4+ 38. Kf4 Nc3 39. b5 Rb1 40. Ra8+ Kg7 41. a4 Rb4 42. Ke5 Nxa4 43. Ra7 Nc3 44. Rb7 g5 45. Nxe6+ Kg6 46. Nd4 f6+ 47. Ke6 Ne4 48. Kd5 Nc3+ 49. Kc5 Rb2 50. g4 hxg4 51. hxg4 Ne4+ 52. Kc6 Nf2 53. Re7 Nxg4 54. b6 Ne5+ 55. Kc7 Nd3 56. b7 Nc5 57. Re8 Nxb7 58. Rb8 g4 59. Rxb7 Rxb7+ 60. Kxb7 Kg5 61. Kc6 g3 62. Nf3+ Kg4 63. Ng1 f5 64. Kd5 f4 1/2-1/2

[Event "Novokuznetsk op"]
[Site "Novokuznetsk"]
[Date "2008.08.13"]
[Round "2"]
[White "Glukhov, Mikhail"]
[Black "Zaitsev, Vadim"]
[Result "1/2-1/2"]
[WhiteElo "2237"]
[BlackElo "2396"]
[PlyCount "54"]
[EventDate "2008.08.12"]
[EventType "swiss"]
[EventRounds "9"]
[EventCountry "RUS"]
[SourceTitle "EXT 2022"]
[Source "ChessBase"]
[SourceDate "2021.10.06"]
[SourceVersion "1"]
[SourceVersionDate "2021.10.06"]
[SourceQuality "1"]

1. d4 Nf6 2. Nf3 g6 3. Nc3 d5 4. Bg5 Bg7 5. Bxf6 Bxf6 6. e4 c6 7. e5 Bg7 8. Qd2 0-0 9. h3 c5 10. dxc5 Nc6 11. Nxd5 Nxe5 12. Nxe5 Bxe5 13. Rd1 Be6 14. Bc4 Bxd5 15. Qxd5 Bxb2 16. Qxd8 Rfxd8 17. Bd5 Rac8 18. Bxb7 Rxd1+ 19. Kxd1 Rxc5 20. Re1 e5 21. f4 Bc3 22. Re4 Rc7 23. Ba6 f5 24. Rc4 Rd7+ 25. Ke2 Rd2+ 26. Kf1 Rd1+ 27. Ke2 Rd2+ 1/2-1/2

[Event "Novokuznetsk Goriainov Memorial op"]
[Site "Novokuznetsk"]
[Date "2007.08.20"]
[Round "7"]
[White "Zaitsev, Vadim"]
[Black "Siuniakov, Igor"]
[Result "1-0"]
[WhiteElo "2394"]
[BlackElo "2278"]
[PlyCount "46"]
[EventDate "2007.08.14"]
[EventType "swiss"]
[EventRounds "9"]
[EventCountry "RUS"]
[SourceTitle "EXT 2009"]
[Source "ChessBase"]
[SourceDate "2008.11.26"]
[SourceVersion "1"]
[SourceVersionDate "2008.11.26"]
[SourceQuality "1"]

1. Nf3 Nf6 2. d4 g6 3. c4 Bg7 4. g3 0-0 5. Bg2 d6 6. 0-0 Nbd7 7. Nc3 e5 8. e4 exd4 9. Nxd4 Re8 10. h3 c6 11. Re1 a5 12. Bf4 Nc5 13. Qc2 Nfd7 14. Rad1 Ne5 15. b3 Qb6 16. Be3 a4 17. f4 axb3 18. axb3 Ned7 19. Rb1 Ra3 20. b4 Nxe4 21. Nb3 Qa6 22. Nxe4 Ra2 23. Qd3 d5 1-0

[Event "Novokuznetsk Goriainov Memorial op"]
[Site "Novokuznetsk"]
[Date "2007.08.16"]
[Round "3"]
[White "Golubchikov, Slava"]
[Black "Zaitsev, Vadim"]
[Result "0-1"]
[WhiteElo "2206"]
[BlackElo "2394"]
[PlyCount "56"]
[EventDate "2007.08.14"]
[EventType "swiss"]
[EventRounds "9"]
[EventCountry "RUS"]
[SourceTitle "EXT 2009"]
[Source "ChessBase"]
[SourceDate "2008.11.26"]
[SourceVersion "1"]
[SourceVersionDate "2008.11.26"]
[SourceQuality "1"]

1. e4 c5 2. Nf3 d6 3. Bb5+ Nd7 4. 0-0 Ngf6 5. Re1 g6 6. c3 Bg7 7. d4 a6 8. Bd3 e5 9. dxc5 Nxc5 10. Bc2 0-0 11. Bg5 b5 12. Nbd2 Bb7 13. h3 Ne6 14. Bxf6 Qxf6 15. Nf1 Nf4 16. Ne3 Rad8 17. Nd5 Nxd5 18. exd5 Rb8 19. a4 Qd8 20. h4 Qb6 21. Qd2 Qc5 22. Red1 Bc8 23. Re1 b4 24. Rac1 bxc3 25. bxc3 Rb2 26. Rb1 Ra2 27. Qc1 Bf5 28. Bxf5 Qxf2+ 0-1